Catálogo
 En Linea

Atlas General Básico Aguilar. : (Registro nro. 42108)

Detalles MARC
000 -CABECERA
campo de control de longitud fija 00587nam a2200157 a 4500
001 - NÚMERO DE CONTROL
campo de control 000042619
005 - FECHA Y HORA DE LA ÚLTIMA TRANSACCIÓN
campo de control 20201002040258.0
008 - DATOS DE LONGITUD FIJA--INFORMACIÓN GENERAL
campo de control de longitud fija 140203s1973 sp b 000 0 spa d
020 ## - NÚMERO INTERNACIONAL ESTÁNDAR DEL LIBRO
Número Internacional Estándar del Libro 8403420013
040 ## - FUENTE DE LA CATALOGACIÓN
Centro catalogador/agencia de origen DO-SdBNP
Lengua de catalogación spa
Centro/agencia transcriptor BNPHU
245 00 - MENCIÓN DE TÍTULO
Título Atlas General Básico Aguilar. :
Resto del título departamento cartográfico.
250 ## - MENCIÓN DE EDICIÓN
Mención de edición 35a. ed.
260 ## - PUBLICACIÓN, DISTRIBUCIÓN, ETC.
Lugar de publicación, distribución, etc. Madrid, :
Nombre del editor, distribuidor, etc. Aguilar,
Fecha de publicación, distribución, etc. 1973.
300 ## - DESCRIPCIÓN FÍSICA
Extensión 115 p. :
Otras características físicas mapa + folleto de mapas ;
Dimensiones 35 cm.
500 ## - NOTA GENERAL
Nota general Asesoría de la obra y preparación de mapas temáticos por D. Antonio López Gómez, catedrático de geografía de la Universidad de Madrid.
Existencias
Estado de retiro Estado de pérdida Restricciones de uso No para préstamo Código de colección Localización permanente Ubicación/localización actual Ubicación en estantería Fecha de adquisición Número de inventario Total de préstamos Signatura topográfica completa Código de barras Fecha visto por última vez Precio válido a partir de Tipo de ítem Koha
      Excluido de préstamo Monografías: Libros y Folletos General General En catalogación 03.02.2014 LF1   42619-10 25.06.2020 25.06.2020 No se presta

Con tecnología Koha